Top 15 der betroffenen Covid-19-Länder - 16. März 2022 - Statistiken

Allgemein
  • Dieses Quiz wurde 24 mal gespielt
  • Das Durchschnittsergebnis liegt bei 14 aus 29
Antwortstatistiken
Land % Korrekt
Deutschland
96%
Russland
96%
Vereinigte Staaten
96%
Brasilien
87%
Frankreich
87%
Italien
78%
Spanien
74%
Vereinigtes Königreich
74%
Indien
70%
Argentinien
61%
Portugal
52%
Türkei
52%
Belgien
48%
Dänemark
48%
Niederlande
48%
Niederlande
48%
Schweiz
48%
Österreich
43%
Tschechien
39%
Südkorea
30%
Slowenien
22%
Estland
17%
Iran
17%
Georgien
13%
Israel
13%
Lettland
13%
Litauen
13%
Vietnam
13%
Bahrain
9%
Keine übereinstimmenden Quizze gefunden
Verteilung der Resultate
Anzahl Personen mit jedem Resultat
Perzentil nach korrekt beantworteten Fragen
Ihre Resultats-Entwicklung
Sie haben dieses Quiz noch nicht gespielt